| 000 | 00804nam a2200229 i 4500 | ||
|---|---|---|---|
| 001 | 40067 | ||
| 003 | ES-MaACL | ||
| 005 | 20251105063128.0 | ||
| 007 | t| | ||
| 008 | 030305s1852 fr |||| | fre d | ||
| 100 | 1 |
_aCantù, Cesare, _d1804-1895 _934697 |
|
| 245 | 1 | 0 |
_aHistoire de cent ans de 1750 a 1850 / _cCesare Cantú ; traduit de l'italien avec notes et observations par Amédée Renée. |
| 260 |
_aParis : _b[s.n., _c1852] ( _fFirmin Didot) |
||
| 300 |
_a4 v. ; _c21 cm. |
||
| 650 | 4 |
_aHistoria moderna- _yS.XVIII. _9153315 |
|
| 650 | 7 |
_aHistoria contemporánea _2embne _913393 |
|
| 651 | 4 |
_aEuropa- _xHistoria- _y1648-1789. _98602 |
|
| 651 | 4 |
_aEuropa- _xHistoria- _y1789-1900. _9138070 |
|
| 700 | 1 |
_aRenée, Amédée. _996211 |
|
| 852 |
_aES-MaACL _jG-10056-59 |
||
| 999 |
_c40067 _d40067 |
||